000 00279nam a22001337a 4500
008 170601b xxu||||| |||| 00| 0 eng d
020 _a0140076239
041 _aeng
080 _a93
100 _a17
101 _aSHH
245 _aWOMEN IN WAR
_cSAYWELL, SH
942 _2udc
_cBK
999 _c15381
_d15381